<?xml version="1.0" encoding="UTF-8"?>
<marc:record xmlns:marc="http://www.loc.gov/MARC21/slim">
   <marc:leader>00000nam a2200000 a 4500</marc:leader>
   <marc:datafield ind1="1" ind2=" " tag="100">
      <marc:subfield code="a">Lipp, Franziska</marc:subfield>
      <marc:subfield code="4">aut</marc:subfield>
      <marc:subfield code="e">Verfasser/-in</marc:subfield>
   </marc:datafield>
   <marc:datafield ind1=" " ind2=" " tag="653">
      <marc:subfield code="a">Weihnachtslied</marc:subfield>
   </marc:datafield>
   <marc:datafield ind1="0" ind2="0" tag="245">
      <marc:subfield code="a">Stille Nacht! Heilige Nacht!</marc:subfield>
   </marc:datafield>
   <marc:datafield ind1="0" ind2="0" tag="245">
      <marc:subfield code="b">auf den Spuren des beliebtesten Weihnachtsliedes der Welt</marc:subfield>
   </marc:datafield>
   <marc:datafield ind1="0" ind2="0" tag="245">
      <marc:subfield code="c">Lipp, Franziska</marc:subfield>
   </marc:datafield>
   <marc:datafield ind1=" " ind2="1" tag="264">
      <marc:subfield code="a">Salzburg</marc:subfield>
      <marc:subfield code="b">Servus</marc:subfield>
      <marc:subfield code="c">2017</marc:subfield>
   </marc:datafield>
   <marc:datafield ind1="1" ind2=" " tag="490">
      <marc:subfield code="a">¬Das¬ kleine Buch</marc:subfield>
   </marc:datafield>
   <marc:datafield ind1="1" ind2=" " tag="520">
      <marc:subfield code="a">Quelle: bn.bibliotheksnachrichten (http://www.biblio.at/literatur/bn/index.html); &#xD;
Autor: Hanns Sauter; &#xD;
Eine Erkundung zu den "Stille-Nacht-Orten". (KM)&#xD;
Für Millionen Menschen ist ein Weihnachtsfest ohne das Lied "Stille Nacht" kein Weihnachtsfest. Woher kommt die Popularität dieses Liedes? Die Autorin begibt sich auf eine Reise zu den Orten im Salzburger Land, in Oberösterreich und Tirol, an denen die Schöpfer des Liedes, Franz Xaver Gruber und Joseph Mohr, gelebt und gewirkt haben. Dabei fängt sie den Geist dieser Ortschaften und zugleich die Situation des beginnenden 19. Jahrhunderts ein, in der das Lied entstanden ist. Sehnsucht nach Ruhe, Frieden, Harmonie, Einklang - nach den Dingen, die man sich nicht selbst erschaffen kann, von Gott aber erhofft. Diese Sehnsucht verbindet die Zeit und die Menschen von damals mit uns heute. Mit diesem Hintergrundwissen stellen sich Text und Melodie anders dar, als es durch Kommerzialisierung und Verkitschung oft der Fall ist.&#xD;
Ein sinnvolles kleines Weihnachtsgeschenk für alle, die das Lied oft singen und es schon deshalb näher kennenlernen sollten, und überhaupt für alle, die jährlich dem Zauber dieses Liedes erliegen.</marc:subfield>
   </marc:datafield>
   <marc:datafield ind1=" " ind2=" " tag="020">
      <marc:subfield code="a">9783710401640</marc:subfield>
      <marc:subfield code="9">9783710401640</marc:subfield>
   </marc:datafield>
   <marc:datafield ind1=" " ind2=" " tag="020">
      <marc:subfield code="a">371040164x</marc:subfield>
      <marc:subfield code="9">371040164x</marc:subfield>
   </marc:datafield>
   <marc:datafield ind1=" " ind2=" " tag="041">
      <marc:subfield code="a">ger</marc:subfield>
   </marc:datafield>
   <marc:datafield ind1=" " ind2=" " tag="300">
      <marc:subfield code="b">Ill. (farb.)</marc:subfield>
   </marc:datafield>
   <marc:datafield ind1=" " ind2=" " tag="338">
      <marc:subfield code="a">Band</marc:subfield>
   </marc:datafield>
   <marc:datafield ind1=" " ind2=" " tag="300">
      <marc:subfield code="a">63 S.</marc:subfield>
   </marc:datafield>
</marc:record>
